000 00511nam a2200193Ia 4500
003 GCL
008 140319s9999 xx 000 0 eng d
040 _aGCL /
_cGCL
082 0 4 _a370.7330973
_bS P
100 1 _aSILCK, GLORIA APPELT
245 1 0 _aPREPARING NEW TEACHERS /
_cSILCK, GLORIA APPELT
260 _a[S.N] :
_bCORWIN PRESS, INC. ،
_c1995
300 _a124 P
650 0 4 _aUNITED STATES
650 0 4 _aTEACHERS
650 0 4 _aSTUDENT TEACHING
650 0 4 _aTEACHING - PLANNING
942 _2ddc
_cBK
999 _c23524
_d23524